00629cam a22002171 4500001001300000003000400013005001700017008004100034010001700075035002000092040002200112050001600134100003500150245008000185250002400265260004500289300001900334500001400353650002700367999001700394sa 65005994 DLC20260227112140.0890509s1964 ii 000 0 hino  asa 65005994  a(OCoLC)19684988 aDLCcWaUdWUdDLC00aHQ10b.A5851 aAnant, Ashfaque Ahemed,d1919-10aNiyojita parivāra:bsukha kā ādhā ra. /c[lekhka] Ashfaque Ahamada. a[1. saṃskaran̄a] aDillī :bSubodha Prakāshana,c[1964] a134 p.c19 cm. aIn Hindi. 0aFamily life education. c64490d64490